|
|
|
|
| LEADER |
02272nam a2200433 a 4500 |
| 001 |
36515 |
| 003 |
BD-DhAAL |
| 005 |
20240922135830.0 |
| 008 |
191030r20182014paua b 001 0 eng |
| 020 |
|
|
|a 9781496347252
|
| 020 |
|
|
|a 9789387506725
|
| 035 |
|
|
|a (DNLM)101514404
|
| 040 |
|
|
|a DNLM/DLC
|c DLC
|d DLC
|d BD-DhAAL
|
| 042 |
|
|
|a pcc
|
| 050 |
0 |
0 |
|a RS200
|b .A57 2011
|
| 060 |
1 |
0 |
|a QV 785
|b A427a 2011
|
| 082 |
0 |
0 |
|a 615.1
|2 22
|
| 100 |
1 |
|
|a Allen, Loyd V.
|9 36609
|
| 245 |
1 |
0 |
|a Ansel's pharmaceutical dosage forms and drug delivery systems /
|c Loyd V. Allen Jr.
|
| 246 |
3 |
0 |
|a South asian edition of Ansel's pharmaceutical dosage forms and drug delivery systems
|
| 250 |
|
|
|a Eleventh edition
|
| 260 |
|
|
|a Philadelphia ;
|a India :
|b Wolters Kluwer,
|c c2014 [reprint 2018]
|
| 300 |
|
|
|a vii, 630 pages :
|b illustrations ;
|c 27 cm.
|
| 504 |
|
|
|a Includes bibliographical references and index.
|
| 526 |
|
|
|a PHR
|
| 541 |
|
|
|a HYE Trade International
|e 36515, 36516, 36517, 36518, 36519
|
| 650 |
|
0 |
|a Drugs
|x Dosage forms.
|9 36610
|
| 650 |
|
0 |
|a Drug delivery systems.
|9 36611
|
| 650 |
1 |
2 |
|a Dosage Forms.
|9 36612
|
| 650 |
2 |
2 |
|a Drug Delivery Systems.
|9 36613
|
| 650 |
2 |
2 |
|a Pharmacy.
|9 43081
|
| 852 |
|
|
|a Ayesha Abed Library
|c General Stacks
|
| 942 |
|
|
|2 ddc
|c BK
|
| 999 |
|
|
|c 41029
|d 41029
|
| 952 |
|
|
|0 0
|1 0
|2 ddc
|4 0
|6 615_100000000000000_ALL
|7 0
|9 66882
|a BRACUL
|b BRACUL
|c GEN
|d 2019-10-21
|e Hye Trade International
|g 1966.00
|l 0
|o 615.1 ALL
|p 3010036519
|r 2019-10-21
|t 5
|v 1966.00
|w 2019-10-21
|y BK
|
| 952 |
|
|
|0 0
|1 0
|2 ddc
|4 0
|6 615_100000000000000_ALL
|7 0
|9 66883
|a BRACUL
|b BRACUL
|c GEN
|d 2019-10-21
|e Hye Trade International
|g 1966.00
|l 1
|o 615.1 ALL
|p 3010036518
|r 2022-03-22
|s 2022-03-15
|t 4
|v 1966.00
|w 2019-10-21
|y BK
|
| 952 |
|
|
|0 0
|1 0
|2 ddc
|4 0
|6 615_100000000000000_ALL
|7 0
|9 66884
|a BRACUL
|b BRACUL
|c GEN
|d 2019-10-21
|e Hye Trade International
|g 1966.00
|l 0
|o 615.1 ALL
|p 3010036517
|r 2019-10-21
|t 3
|v 1966.00
|w 2019-10-21
|y BK
|
| 952 |
|
|
|0 0
|1 0
|2 ddc
|4 0
|6 615_100000000000000_ALL
|7 0
|9 66885
|a BRACUL
|b BRACUL
|c GEN
|d 2019-10-21
|e Hye Trade International
|g 1966.00
|l 0
|o 615.1 ALL
|p 3010036516
|r 2019-10-21
|t 2
|v 1966.00
|w 2019-10-21
|y BK
|
| 952 |
|
|
|0 0
|1 0
|2 ddc
|4 0
|6 615_100000000000000_ALL
|7 0
|9 66886
|a BRACUL
|b BRACUL
|c GEN
|d 2019-10-21
|e Hye Trade International
|g 1966.00
|l 0
|o 615.1 ALL
|p 3010036515
|r 2019-10-21
|t 1
|v 1966.00
|w 2019-10-21
|y BK
|